CBU Newsletter : Issue No.3 October 1989 (Record no. 79224)
[ view plain ]
| 000 -LEADER | |
|---|---|
| fixed length control field | 00687nam a2200145 a 4500 |
| 008 - FIXED-LENGTH DATA ELEMENTS--GENERAL INFORMATION | |
| fixed length control field | 220712s1989 ||||||||||||||||| || u |
| 050 ## - LIBRARY OF CONGRESS CALL NUMBER | |
| Classification number | CBU(05)NL/1989/3 |
| 110 ## - MAIN ENTRY--CORPORATE NAME | |
| Corporate name or jurisdiction name as entry element | Copperbelt University |
| 245 10 - TITLE STATEMENT | |
| Title | CBU Newsletter : Issue No.3 October 1989 |
| Statement of responsibility, etc. | By The Copperbelt University(CBU) |
| 260 ## - PUBLICATION, DISTRIBUTION, ETC. | |
| Place of publication, distribution, etc. | Kitwe |
| Name of publisher, distributor, etc. | Copperbelt University |
| Date of publication, distribution, etc. | 1989 |
| 300 ## - PHYSICAL DESCRIPTION | |
| Extent | 13 PAGES |
| 650 ## - SUBJECT ADDED ENTRY--TOPICAL TERM | |
| Topical term or geographic name entry element | COPPERBELT UNIVERSITY--PERIODICALS |
| 995 ## - | |
| -- | SPECIAL COLLECTIONS |
| -- | 4938 |
| -- | CBU-MAIN LIBRARY (Kitwe) |
| -- | CBU(05)NL/1989/3 |
| -- | 2 |
| -- | AVAILABLE |
| -- | Jul 13, 2022 |
| -- | B4938 |
| -- | University Collection |
| 995 ## - | |
| -- | SPECIAL COLLECTIONS |
| -- | 4930 |
| -- | CBU-MAIN LIBRARY (Kitwe) |
| -- | CBU(05)NL/1989/3A |
| -- | 1 |
| -- | AVAILABLE |
| -- | Jul 12, 2022 |
| -- | B4930 |
| -- | University Collection |
| 999 ## - | |
| -- | 79224 |
| -- | 79224 |
No items available.